WWE & AEW / Superstars (Pictures) #3 - Statistics

General Stats
  • This quiz has been taken 15 times
  • The average score is 13 of 16
Answer Stats
Picture Answer % Correct
Bron Breakker
100%
Jey Uso
100%
Jimmy Uso
100%
LA Knight
100%
Logan Paul
100%
Samoa Joe
100%
Jacob Fatu
93%
Oba Femi
93%
Solo Sikoa
93%
Matt Jackson
86%
NIck Jackson
79%
Pac
64%
Claudio Castagnoli
57%
Jack Perry
57%
Wheeler Yuta
50%
Daniel Garcia
36%
No matching quizzes found
Score Distribution
Percent of People with Each Score
Percentile by Number Answered
Your Score History
You have not taken this quiz